Computer calculations for high-pressure vapor-liquid equilibria
Kaydedildi:
| Asıl Yazarlar: | , |
|---|---|
| Materyal Türü: | Kitap |
| Dil: | İngilizce |
| Baskı/Yayın Bilgisi: |
Englewood Cliffs
Prentice-Hall
1968
|
| Seri Bilgileri: | Prentice-Hall international series in the physical and chemical engineering sciences
|
| Konular: | |
| Etiketler: |
Etiketle
Etiket eklenmemiş, İlk siz ekleyin!
|
MARC
| LEADER | 00000nam a2200000 a 4500 | ||
|---|---|---|---|
| 001 | UCU3627 | ||
| 003 | CL-VaPUC | ||
| 008 | 960510e19680000us |||||||||||||||||eng|d | ||
| 082 | 0 | 4 | |a 541.392 |b PRA |2 21 |
| 100 | 0 | |a Prausnitz, J. M |e author |9 360678 | |
| 700 | 0 | |a Chueh, P. L |e author |9 360679 | |
| 245 | 1 | 0 | |a Computer calculations for high-pressure vapor-liquid equilibria |
| 300 | |a 239 p | ||
| 942 | |c BK | ||
| 945 | |d 19960510 00:00:00 |a paguirre | ||
| 260 | |a Englewood Cliffs |b Prentice-Hall |c 1968 | ||
| 650 | 0 | |a Química |9 259896 | |
| 650 | 7 | |a EQUILIBRIOS QUIMICOS |2 CL-VaPUC |9 336637 | |
| 650 | 0 | |a Termodinámica |9 259320 | |
| 650 | 7 | |a TRANSFORMACIONES DE FASES |2 CL-VaPUC |9 360680 | |
| 650 | 0 | |a Termoquímica |9 337401 | |
| 650 | 7 | |a PROPIEDADES TERMODINAMICAS |2 CL-VaPUC |9 357585 | |
| 583 | |a last modification |c 20150423 05:57:11 |k Rodrigo Vera | ||
| 490 | 0 | |a Prentice-Hall international series in the physical and chemical engineering sciences | |
| 999 | |c 247571 |d 247569 | ||
| 952 | |0 0 |1 0 |4 0 |6 541_392000000000000_PRA_1968 |7 0 |8 A |9 263574 |a BIBING |b BIBING |d 2019-11-19 |i 1656422 |o 541.392 PRA 1968 |p 1656422 |r 2025-01-20 |w 2019-11-19 |y BK |k EIQ | ||